An introduction to sociolinguistics / (Record no. 2016)
[ view plain ]
| 000 -LEADER | |
|---|---|
| fixed length control field | 00822nac a22002171u 4500 |
| 010 ## - LIBRARY OF CONGRESS CONTROL NUMBER | |
| LC control number | 2005019312 |
| 020 ## - INTERNATIONAL STANDARD BOOK NUMBER | |
| International Standard Book Number | 9781405135597 (pbk. : alk. paper) |
| 020 ## - INTERNATIONAL STANDARD BOOK NUMBER | |
| International Standard Book Number | 140513559X (pbk. : alk. paper) |
| 082 00 - DEWEY DECIMAL CLASSIFICATION NUMBER | |
| Classification number | 306.44 |
| Item number | W265 |
| 090 ## - LOCALLY ASSIGNED LC-TYPE CALL NUMBER (OCLC); LOCAL CALL NUMBER (OCLC) | |
| -- | 2016 |
| -- | 2016 |
| 100 ## - MAIN ENTRY--PERSONAL NAME | |
| Personal name | Wardhaugh, Ronald. |
| 245 13 - TITLE STATEMENT | |
| Title | An introduction to sociolinguistics / |
| Statement of responsibility, etc | Ronald Wardhaugh. |
| 250 ## - EDITION STATEMENT | |
| Edition statement | 5th ed. |
| 260 ## - PUBLICATION, DISTRIBUTION, ETC. (IMPRINT) | |
| Place of publication, distribution, etc | Malden, Mass., USA : |
| Name of publisher, distributor, etc | Blackwell Pub.,2006 |
| Date of publication, distribution, etc | 2006. |
| 300 ## - PHYSICAL DESCRIPTION | |
| Extent | 418 p. ; |
| Dimensions | 25 cm. |
| 490 0# - Series Statement | |
| Series statement | Blackwell textbooks in linguistics ; |
| Volume/sequential designation | 4 |
| 504 ## - BIBLIOGRAPHY, ETC. NOTE | |
| Bibliography, etc | Includes bibliographical references (p. [385]-414) and index. |
| 650 #0 - SUBJECT ADDED ENTRY--TOPICAL TERM | |
| Topical term or geographic name as entry element | Sociolinguistics. |
| 942 ## - ADDED ENTRY ELEMENTS (KOHA) | |
| Item type | Book - Borrowing |
| Call number prefix | 306.44W265 |
| Withdrawn status | Item status | Damaged status | Not for loan | Home library | Current library | Shelving location | Date acquired | Source of acquisition | Total Checkouts | Total Renewals | Full call number | Barcode | Date last seen | Date last borrowed | Cost, replacement price | Koha item type |
|---|---|---|---|---|---|---|---|---|---|---|---|---|---|---|---|---|
| Central Library | Central Library | First floor | 07/02/2007 | Purchase | 2 | 3 | 306.44 WAR | 000002186 | 15/07/2025 | 21/12/2016 | 262.00 | Book - Borrowing |